Trace the Route of Odysseus on a Map - Statistics

General Stats
  • This quiz has been taken 2,323 times
  • The average score is 10 of 11
Answers on the Map
Answers color-coded by a green-red scale on the quiz's map according to % correct below.
 
Answer Stats
Country % Correct
Turkey
99%
Greece
98%
Italy
94%
Algeria
93%
Italy
93%
Italy
93%
Spain
93%
Tunisia
93%
Greece
90%
Malta
90%
Italy
89%
No matching quizzes found
Score Distribution
Percent of People with Each Score
Percentile by Number Answered
Your Score History
You have not taken this quiz